Rámcová úprava harmonizácie účtovníctva na príklade Poľskej republiky

Súčasný stav poľského účtovníctva na základe analýzy zákona o účtovníctve. Charakteristika jednotlivých častí zákona.

Salvato in:
Dettagli Bibliografici
Autore principale: Tumpach, Miloš, 1970-
Natura: Capitolo di libro
Lingua:slovacco
Soggetti:
Tags: Aggiungi Tag
Nessun Tag, puoi essere il primo ad aggiungerne!!

MARC

LEADER 00000nla$a2200000$$$4500
001 0065656
005 20240502071758.7
041 0 |a slo 
044 |a SK 
245 1 0 |a Rámcová úprava harmonizácie účtovníctva na príklade Poľskej republiky  |c Miloš Tumpach 
520 |a Súčasný stav poľského účtovníctva na základe analýzy zákona o účtovníctve. Charakteristika jednotlivých častí zákona. 
610 2 0 |a účtovníctvo 
610 2 0 |a harmonizácia 
610 2 0 |a Poľsko 
610 2 0 |a zákony 
100 1 |a Tumpach, Miloš, 1970-